000 00274nam a2200109Ia 4500
008 220204s9999 xx 000 0 und d
082 _a504
_bMAN
100 _aManeka Gandhi
245 4 _aThe Second heads and tails
260 _aGoa
_bThe Other India Press
_c1996
942 _cBK
999 _c41646
_d41646